Movies Quiz

Random Movies Quiz

Does Leo Die? Quiz Stats

Quiz not verified by Sporcle

Challenge
Share
Tweet
Embed
Score 0/9 Timer 04:00
0 Plays Today
% Correct
Titanic
95%
Romeo + Juliet
92.7%
The Departed
86.8%
Django Unchained
86%
Blood Diamond
83.8%
The Great Gatsby
82.6%
The Quick and the Dead
68%
J. Edgar
57.6%
Total Eclipse
35.9%

You're not logged in!

Compare scores with friends on all Sporcle quizzes.
Sign Up with Email
OR
Log In

You Might Also Like...

Show Comments

Extras

Top Quizzes Today


Score Distribution

Your Account Isn't Verified!

In order to create a playlist on Sporcle, you need to verify the email address you used during registration. Go to your Sporcle Settings to finish the process.